Т. 2; Дифференциальное и интегральное исчисления

ग्रंथसूची विवरण
Parent link:Дифференциальное и интегральное исчисления: На франц. языке/ Н. С. Пискунов. Т. 2.— , 1972-
भाषा:रूसी
फ़्रेंच
प्रकाशित: 1972
विषय:
स्वरूप: पुस्तक
KOHA link:https://koha.lib.tpu.ru/cgi-bin/koha/opac-detail.pl?biblionumber=52808

MARC

LEADER 00000nam2a2200000 4500
001 52808
005 20231031043132.0
035 |a (RuTPU)RU\TPU\book\55357 
035 |a RU\TPU\book\55354 
090 |a 52808 
100 |a 20030606d1972 m y0rusy50 ca 
101 0 |a rus  |a fre 
102 |a RU 
105 |a a j 000zy 
200 0 |a Т. 2 
210 |d 1972 
215 |a 615 с.  |c ил. 
461 1 |0 (RuTPU)RU\TPU\book\55355  |t Дифференциальное и интегральное исчисления  |o На франц. языке  |f Н. С. Пискунов  |v Т. 2  |d 1972- 
610 1 |a математика 
610 1 |a дифференциальные исчисления 
610 1 |a интегральные исчисления 
610 1 |a дифференциальные уравнения 
610 1 |a кратные интегралы 
610 1 |a криволинейные интегралы 
610 1 |a интегралы по поверхности 
610 1 |a ряды 
610 1 |a ряды Фурье 
610 1 |a математическая физика 
610 1 |a уравнения 
610 1 |a операционное исчисление 
610 1 |a теория вероятностей 
610 1 |a матрицы 
675 |a 517.2  |v 3 
675 |a 517.3  |v 3 
801 1 |a RU  |b 63413507  |c 20030604  |g PSBO 
801 2 |a RU  |b 63413507  |c 20030626  |g PSBO 
942 |c BK